Kho tàng văn học dân gian Hà Tây
Phần I: Thần thoại và truyền thuyết; Phần II: Cổ tích và giai thoại; Phần III: Truyện thơ; Phần IV: Truyện kể dân gian của các dân tộc thiểu số ở Ba Vì.
محفوظ في:
| المؤلف الرئيسي: | |
|---|---|
| التنسيق: | كتاب |
| اللغة: | Undetermined |
| منشور في: |
Hà Nội
Văn hóa Dân tộc
2011
|
| الموضوعات: | |
| الوسوم: |
إضافة وسم
لا توجد وسوم, كن أول من يضع وسما على هذه التسجيلة!
|
| Thư viện lưu trữ: | Trung tâm Học liệu Trường Đại học Cần Thơ |
|---|
| LEADER | 00842nam a2200193Ia 4500 | ||
|---|---|---|---|
| 001 | CTU_170612 | ||
| 008 | 210402s9999 xx 000 0 und d | ||
| 082 | |a 398.20959732 | ||
| 082 | |b Y603/Q.2 | ||
| 100 | |a Yên Giang | ||
| 245 | 0 | |a Kho tàng văn học dân gian Hà Tây | |
| 245 | 0 | |c Yên Giang (Chủ nhiệm công trình) | |
| 260 | |a Hà Nội | ||
| 260 | |b Văn hóa Dân tộc | ||
| 260 | |c 2011 | ||
| 520 | |a Phần I: Thần thoại và truyền thuyết; Phần II: Cổ tích và giai thoại; Phần III: Truyện thơ; Phần IV: Truyện kể dân gian của các dân tộc thiểu số ở Ba Vì. | ||
| 650 | |a Folk literature, vietnamese,Văn học dân gian Việt Nam | ||
| 904 | |i Trọng Hải | ||
| 980 | |a Trung tâm Học liệu Trường Đại học Cần Thơ | ||